000 01244cgm a2200349Ia 4500
003 data
005 20260322212052.0
007 data
008 data
020 _a142131939X
020 _a9781421319391
028 4 2 _a34591
_bCambridge Educational
037 _bMidwest Tapes
_nhttp://www.midwesttapes.com
040 _aTEFMT
_cTEFMT
_dUAB
_dRCS
_dUAB
050 1 4 _aTP370
_b.J865 2006
099 _aDVD QU 145 J865
245 1 0 _aJunk food wars
_h[videorecording].
260 _aLawrenceville, N.J. :
_bCambridge Educational,
_c[2006]
300 _a1 videodisc (ca. 30 min.) :
_bsd., col. ;
_c4 3/4 in.
520 _aThis high-energy video shows how to defend against the dangers of junk food. Straightforward discussions and dramatizations arm students with a wealth of information on the updated 2005 food pyramid, how to read ingredient labels, and more.
538 _aDVD, region 1; Dolby Digital.
546 _aClosed-captioned.
650 0 _aSnack foods.
650 0 _aFilms for the hearing impaired.
650 0 _aJunk food.
650 0 _aConvenience foods.
650 0 _aChildren
_xNutrition.
650 0 _aFood industry and trade.
655 0 _aEducational videos.
720 2 _aCambridge Educational (Firm)
001 data
999 _c1243
_d1243